000
00229 a2200097 4500
001
12943
100
_a
Bindra,Dr.J.S
245
_a
A text book of Applied mathamatics-II
260
_a
_b
S.K. Kataria & Son
_c
090
_c
9935
_d
9935
942
_a
NUST-CAE
_c
M
_c
36861
999
_c
248016
_d
248016